Statistics for Marvel Characters with an MCU Title (by picture)

Click here to take the quiz!

General Stats

  • This quiz has been taken 42 times
  • The average score is 25 of 30

Answer Stats

Answer% Correct
Ant-Man
100%
Black Panther
100%
Captain America
100%
Doctor Strange
100%
Groot
100%
Thor
100%
Captain Marvel
98%
Falcon
98%
Hulk
98%
Iron Man
98%
Loki
98%
She-Hulk
98%
Spider-Man
98%
Black Widow
95%
Scarlet Witch
95%
Vision
95%
Hawkeye
93%
Nick Fury
93%
Winter Soldier
93%
Avengers
85%
Moon Knight
85%
Guardians of the Galaxy
83%
Ms. Marvel
78%
Wasp
75%
Uatu the Watcher
65%
Eternals
53%
Echo
40%
Shuri
40%
Shang-Chi
33%
Werewolf by Night
30%

Score Distribution

Percentile by Number Answered

Percent of People with Each Score

Your Score History

You have not taken this quiz